| 000 | 00000nam 2200000zi 4500 |
| 001 | 9.884952 |
| 003 | CaOODSP |
| 005 | 20250303101722 |
| 006 | m o d f |
| 007 | cr ||||||||||| |
| 008 | 200221t20202020quc ob f000 0 eng d |
| 040 | |aCaOODSP|beng|erda|cCaOODSP |
| 043 | |an-cn--- |
| 086 | 1 |aP29-003-522-2020E-PDF |
| 245 | 00|aDiesel fuel containing biodiesel (B6-B20). |
| 250 | |a[February 2020 edition]. |
| 264 | 1|aGatineau, (Quebec) Canada : |bCanadian General Standards Board : |bStandards Council of Canada, |c2020. |
| 264 | 4|c©2020 |
| 300 | |a1 online resource (i, 23 pages). |
| 336 | |atext|btxt|2rdacontent |
| 337 | |acomputer|bc|2rdamedia |
| 338 | |aonline resource|bcr|2rdacarrier |
| 490 | 1 |aNational standard of Canada ; |vCAN/CGSB-3.522-2020 |
| 500 | |a"Published February 2020." |
| 500 | |a"Experience and excellence"--Cover. |
| 500 | |aSupersedes CAN/CGSB-3.522-2017. |
| 500 | |aIssued also in French under title: Carburant diesel contenant du biodiesel (B6-B20). |
| 504 | |aIncludes bibliographical references. |
| 520 | |a"This standard applies to Type B, Bxx diesel fuel containing from 6% to 20% by volume of biodiesel. Fuel meeting this standard is intended for use in high-speed diesel powered equipment for on-road and off-road applications and in select equipment powered by medium-speed diesel engines"--Scope, page 1. |
| 650 | 0|aDiesel fuels|xStandards|zCanada. |
| 710 | 2 |aStandards Council of Canada. |
| 710 | 2 |aCanadian General Standards Board. |
| 775 | 08|tCarburant diesel contenant du biodiesel (B6-B20).|w(CaOODSP)9.884953 |
| 794 | |tDiesel fuel containing biodiesel (B6-B20).|b[February 2025 edition]|w(CaOODSP)9.948614 |
| 795 | |tDiesel fuel containing biodiesel (B6-B20) |b[June 2017 edition]|w(CaOODSP)9.838080 |
| 830 | #0|aNational standard of Canada ;|vno. 3.522-2020.|w(CaOODSP)9.507848 |
| 856 | 40|qPDF|s864 KB|uhttps://publications.gc.ca/collections/collection_2020/ongc-cgsb/P29-003-522-2020-eng.pdf |
| 986 | |aICS 75.160.20 |